Appropriate technology for water supply and sanitation. (Record no. 744)
[ view plain ]
| 000 -LEADER | |
|---|---|
| fixed length control field | 00587cam a2200145 a 4500 |
| 050 00 - LIBRARY OF CONGRESS CALL NUMBER | |
| Classification Number | TD511 |
| Item Number | .F45 1981 |
| 100 1# - MAIN ENTRY--Author | |
| Personal name | Feachem Richard G. |
| 245 10 - TITLE | |
| Title | Appropriate technology for water supply and sanitation. |
| Remainder of title | Health Aspects of Excreta and Sullage Management- A state of the Art Review |
| 260 ## - PUBLICATION, DISTRIBUTION, ETC.(IMPRINT) | |
| Place of publication, distribution, etc | Washington, D.C. : |
| Name of publisher, distributor, etc | The International Bank of Reconstruction and Development/the world bank, |
| Date of publication, distribution, etc | c1980. |
| 300 ## - PHYSICAL DESCRIPTION | |
| Extent | ix,318p |
| 500 ## - GENERALNOTE | |
| General note | Includes Bibliography |
| 650 #0 - SUBJECT--TOPIC | |
| Topical term following geographic name as entry element | Water supply and technology |
| Form subdivision | book |
| General subdivision | PBK |
| 700 1# - ADDED ENTRY--PERSONAL AUTHOR | |
| Personal Name | David J. Bradley, Hemda Garelick, Mara Duncan D. |
| 942 ## - ADDED ENTRY ELEMENTS(KOHA) | |
| Koha item type | General circulation |
| Source of classification or shelving scheme | Not for loan | Location (home branch) | Sublocation (holding branch) | Date accessioned | Cost, normal purchase price | Full call number | Barcode | Cost, replacement price | Nonpublic note | Koha item type | Public note |
|---|---|---|---|---|---|---|---|---|---|---|---|
| Library of Congress Classification | Main Campus Library | Main Campus Library | 12/08/2014 | 1044.00 | TD 511 .F45 | 2019/024941 | 1544.00 | BONNIE | General circulation | BONNIE |